The collected papers of albert einstein. (Record no. 29472)
[ view plain ]
| 000 -LEADER | |
|---|---|
| fixed length control field | 00617 a2200169 4500 |
| 020 ## - INTERNATIONAL STANDARD BOOK NUMBER | |
| International Standard Book Number | 0691085498 |
| 020 ## - INTERNATIONAL STANDARD BOOK NUMBER | |
| International Standard Book Number | 9780691085494 |
| 082 04 - DEWEY DECIMAL CLASSIFICATION NUMBER | |
| Classification number | 530 |
| 090 ## - LOCALLY ASSIGNED LC-TYPE CALL NUMBER (OCLC); LOCAL CALL NUMBER (RLIN) | |
| -- | 848 |
| -- | 848 |
| 100 1# - MAIN ENTRY--PERSONAL NAME | |
| Personal name | Einstein, Albert. |
| 245 14 - TITLE STATEMENT | |
| Title | The collected papers of albert einstein. |
| Number of part/section of a work | Volume 2 : |
| Remainder of title | the swiss years : |
| -- | writings, 1900-1909 / |
| Statement of responsibility, etc. | Albert Einstein, Anna Beck. |
| 260 ## - PUBLICATION, DISTRIBUTION, ETC. | |
| Place of publication, distribution, etc. | [S.l.] : |
| Name of publisher, distributor, etc. | Princeton University Press, |
| Date of publication, distribution, etc. | 1989. |
| 300 ## - PHYSICAL DESCRIPTION | |
| Extent | 413 p. ; |
| Dimensions | 24 cm. |
| 700 1# - ADDED ENTRY--PERSONAL NAME | |
| Personal name | Beck, Anna. |
| 942 ## - ADDED ENTRY ELEMENTS (KOHA) | |
| Institution code [OBSOLETE] | SNS |
| Koha item type | Book |
| Call number prefix | 530 BEC |
| Withdrawn status | Lost status | Damaged status | Not for loan | Permanent Location | Current Location | Date acquired | Total Checkouts | Full call number | Barcode | Date last seen | Price effective from | Koha item type |
|---|---|---|---|---|---|---|---|---|---|---|---|---|
| School of Natural Sciences (SNS) | School of Natural Sciences (SNS) | 05/26/2016 | 530 BEC | SNS0001017 | 05/26/2016 | 05/26/2016 | Book |
